The Oecumenical Council and the infallibility of the Roman Pontiff: a pastoral letter to the clergy, etc

Saved in:  
Bibliographic Details
Main Author: Manning, Henry Edward 1808-1892 (Author)
Format: Print Book
Language:English
Subito Delivery Service: Order now.
Check availability: HBZ Gateway
WorldCat: WorldCat
Interlibrary Loan:Interlibrary Loan for the Fachinformationsdienste (Specialized Information Services in Germany)
Published: London Longmans, Green 1869
In:Year: 1869
Edition:2. ed.
Further subjects:B Vatican Council Vatican Council
B Popes Infallibility
B Infallibility
B Vatican Council 1. (1869-1870) Vatikanstadt

MARC

LEADER 00000cam a22000002c 4500
001 1479917303
003 DE-627
005 20250125143402.0
007 tu
008 140721s1869 xxk||||| 00| ||eng c
035 |a (DE-627)1479917303 
035 |a (DE-576)409917303 
035 |a (DE-599)BSZ409917303 
035 |a (OCoLC)02232937 
040 |a DE-627  |b ger  |c DE-627  |e rakwb 
041 |a eng 
044 |c XA-GB 
050 0 |a BX1057.M28 
084 |a 1  |2 ssgn 
084 |a BN 2987  |2 rvk  |0 (DE-625)rvk/13739: 
084 |a BO 5880  |2 rvk  |0 (DE-625)rvk/14649: 
100 1 |0 (DE-588)118781596  |0 (DE-627)142134686  |0 (DE-576)164703942  |4 aut  |a Manning, Henry Edward  |d 1808-1892 
109 |a Henry Edward Westminster, Cardinal Archbishop 1808-1892  |a Edward, Henry 1808-1892  |a H. E. M. 1808-1892  |a Manning, H. E. 1808-1892  |a Manning, Heinrich Edward 1808-1892  |a Manning, Enrico Eduardo 1808-1892  |a Henry Edward Westminster, Archbishop 1808-1892  |a Manning, Henri E. 1808-1892  |a Henry Edward Westminster, Cardinal 1808-1892  |a Manning, Henry Edward 1808-1892  |a Henry Edward of Westminster 1808-1892  |a Manning, Heinrich Eduard 1808-1892  |a Manning, Henri Édouard 1808-1892  |a Manning, Henry E. 1808-1892  |a Manning, Eduard 1808-1892 
245 1 4 |a The Oecumenical Council and the infallibility of the Roman Pontiff  |b a pastoral letter to the clergy, etc  |c by Henry Edward, Archbishop of Westminster 
250 |a 2. ed. 
264 1 |a London  |b Longmans, Green  |c 1869 
300 |a 151 S.  |c 21 cm 
336 |a Text  |b txt  |2 rdacontent 
337 |a ohne Hilfsmittel zu benutzen  |b n  |2 rdamedia 
338 |a Band  |b nc  |2 rdacarrier 
583 1 |a Archivierung prüfen  |c 20200919  |f DE-640  |z 1  |2 pdager 
583 1 |a Archivierung/Langzeitarchivierung gewährleistet  |f SSG  |x XA-DE-BW  |2 pdager  |5 DE-21 
610 2 0 |a Vatican Council  |x Vatican Council 
611 2 7 |0 (DE-588)2024452-6  |0 (DE-627)102164738  |0 (DE-576)191770337  |a Vatikanisches Konzil  |n 1.  |d 1869-1870  |c Vatikanstadt  |2 gnd 
650 0 |a Popes  |x Infallibility 
650 0 7 |0 (DE-588)4161643-1  |0 (DE-627)105468444  |0 (DE-576)209867361  |a Infallibilität  |2 gnd 
936 r v |a BN 2987  |b Manning, Henry Edward (+1892)  |k Theologie und Religionswissenschaften  |k Dogmatik und Dogmengeschichte  |k Autoren  |k 19. und 20. Jahrhundert  |k Manning, Henry Edward (+1892)  |0 (DE-627)1270740954  |0 (DE-625)rvk/13739:  |0 (DE-576)200740954 
936 r v |a BO 5880  |b Vatikanum I  |k Theologie und Religionswissenschaften  |k Patrologie und Kirchengeschichte  |k Kirchengeschichte nach Perioden  |k Von der Französischen Revolution bis Pius XII. (1789-1958)  |k Quellen  |k Sonstige Quellen  |k Vatikanum I  |0 (DE-627)1270748734  |0 (DE-625)rvk/14649:  |0 (DE-576)200748734 
951 |a BO 
ELC |b 1 
ITA |a 1  |t 1 
LOK |0 000 xxxxxcx a22 zn 4500 
LOK |0 001 2807497101 
LOK |0 003 DE-627 
LOK |0 004 1479917303 
LOK |0 005 20140721164843 
LOK |0 008 140721||||||||||||||||ger||||||| 
LOK |0 040   |a DE-21  |c DE-627  |d DE-21 
LOK |0 852   |a DE-21 
LOK |0 852 1  |c Gh 2158  |9 00 
LOK |0 935   |a dika  |a theo 
LOK |0 939   |a 21-07-14  |b l01 
ORI |a SA-MARC-ixtheoa001.raw 
STA 0 0 |a Infallibility,Infallibility,Pope 
STB 0 0 |a Infaillibilité 
STC 0 0 |a Infalibilidad 
STD 0 0 |a Infallibilità 
STE 0 0 |a 无谬误,绝无错误,无误 
STF 0 0 |a 無謬誤,絕無錯誤,無誤 
STG 0 0 |a Infalibilidade 
STH 0 0 |a Непогрешимость 
STI 0 0 |a Αλάθητο του Πάπα,Παπικό αλάθητο 
SYC 0 0 |a Concilium Vaticanum,1.,1869-1870,Vatikanstadt,Erstes Vatikanisches Konzil,1869-1870,Vatikanstadt,Vatikanum,1.,1869-1870,Vatikanstadt,Vaticanum,1.,1869-1870,Vatikanstadt,Vatikanum,I,1869-1870,Vatikanstadt,Vaticanum,I,1869-1870,Vatikanstadt,Vatikanisches Ökumenisches Konzil,1.,1869-1870,Vatikanstadt,Vatikanisches Oekumenisches Konzil,1.,1869-1870,Vatikanstadt,Sacrosanctum Concilium Oecumenicum Vaticanum,1.,1869-1870,Vatikanstadt,Concilium Oecumenicum Vaticanum,1.,1869-1870,Vatikanstadt,Concilio Vaticano,1.,1869-1870,Vatikanstadt,Concilio Ecumenico Vaticano,1.,1869-1870,Vatikanstadt,Vatican,1.,1869-1870,Vatikanstadt,Vatican Council,1.,1869-1870,Vatikanstadt,Concile du Vatican,1.,1869-1870,Vatikanstadt 
SYE 0 0 |a Unfehlbarkeit